000 00794nam a2200193Ia 4500
005 20240527092020.0
008 130821s1949 ck gr spa
040 _aCo-BoUCM
_bspa
_cDavid Moreno (modificó)
_dDavid Moreno (modificó)
041 0 0 _aspa
100 1 _aBernal Medina, Rafael
_d1914-1979.
_9162832
245 1 0 _aRuta de Bolívar estudio sustentado ante la Academia Colombiana de Historia
_cRafael Bernal Medina
260 _aBogotá (Colombia)
_bEditorial Lumen
_c1949
300 _a206 Páginas
600 _aBolívar, Simón
_d1783-1830
_vEscritos militares
_9162833
650 0 4 _aHistoria de América
_916931
651 7 _aAmérica Latina
_xHistoria
_yGuerras de independencia
_926570
942 _cLIBRO
_a21
_e1
_mB517r
_n0
_2DEWEY
_h923.587
999 _c50048
_d50048